01541nam a22002057a 4500003000400000005001700004008004100021020001500062100003300077245003700110260004500147300001700192520070500209650008700914650008301001650008201084942001501166952013901181999001501320OSt20251017182158.0251017b |||||||| |||| 00| 0 eng d c9588089158 aMiguel de Cervantes Saavedra aDon Quijote de la mancha Tomo II aColombiabCasa editorial El Tiempoc2001 a451c800x800 aDon Quijote y Sancho vuelven a salir en busca de nuevas aventuras, pero ahora se enfrentan a personas que ya conocen su historia por la publicación del primer libro. Esto hace que muchos personajes se burlen de ellos deliberadamente, inventando engaños para divertirse a su costa. Sancho llega a ser nombrado “gobernador de la Ínsula Barataria”, pero pronto descubre que todo era una farsa. Finalmente, Don Quijote es derrotado en duelo por el Caballero de la Blanca Luna (en realidad su amigo Sansón Carrasco disfrazado) y debe abandonar su vida de caballero andante. Regresa a su aldea, recupera la cordura y muere como Alonso Quijano el Bueno, dejando atrás su sueño caballeresco. 2Que trata de la condicion y ejercicio del famoso Hidalgo don Quijote de la mancha  2Que trata de la primera salida que de su tierra hizo el ingenioso don Quijote  2Donde se cuenta la graciosa manera que tuvo don Quijote en armarse caballero  2ddccBKn0 00102ddc40708F02aISUSbISUScBiblioteca Abiertad2025-10-17i0439l0oLECTURApBIBLIO0439r2025-10-17 18:25:15t1w2025-10-17yBK c2009d2009